| 000 | 01483nam a2200385 a 4500 | ||
|---|---|---|---|
| 999 |
_c377494 _d377494 |
||
| 003 | BLK | ||
| 005 | 20231219162044.0 | ||
| 008 | 200729b bul|||||r ||||||| ||bul|| | ||
| 010 | _aKNG00137593000 | ||
| 040 | _aBLK | ||
| 041 |
_aBUL _cBUL |
||
| 080 |
_aЕтика. Учение за морала. Практическа философия. Вж и 37.034 ; 24 _b17 _z17 |
||
| 100 | 1 |
_aСвет-Марден, Орисън _eпърви автор _9322907 |
|
| 139 |
_aМарден, Орисън Сует _bМ 29 |
||
| 245 | 1 | 0 |
_aЗидари на съдбата _c* Орисън Сует Марден; Орисън Свет-Марден; прев. Иван Момчилов; * Орисън Сует-Марден. |
| 257 | _aUSA | ||
| 260 |
_bСт. Атанасов _c[1919] |
||
| 300 |
_a206 с. _c14 см |
||
| 380 | _a1 | ||
| 490 | 1 | _aБиблиотека Маяк | |
| 490 | 1 |
_aИзбрани книги за юноши _v№ 18 |
|
| 650 | 4 |
_aМорал и общество _9280586 |
|
| 650 | 4 |
_aМорал - философски проблеми _9252066 |
|
| 653 | _aморал | ||
| 653 | _aсамообладание | ||
| 653 | _aетични ценности | ||
| 700 |
_aМарден, Орисън Сует _9367635 |
||
| 700 | 1 |
_aМомчилов, Иван _eпрев. _9318284 |
|
| 700 | 1 |
_aСует-Марден, Орисън _e* _9378275 |
|
| 852 | _aЦб І 2997 | ||
| 856 | 4 | _qpdf | |
| 856 | 4 | _qpdf | |
| 942 |
_cKNG _n0 _s1 |
||
| 999 | _d131758 | ||
| 944 |
_k30560 _lГеновева Генчева |
||